000 00566nam a22002177a 4500
999 _c3612
_d3612
003 OSt
005 20200124162839.0
008 160419b xxu||||| |||| 00| 0 eng d
020 _a10: 8131758915
020 _a9788131758915
040 _c040a
082 _a531 GOL 2011
100 _aGoldstein, Herbert; Poole, Charles P.; Safko, John
_95127
245 _aClassical Mechanics
250 _a3rd.ed
260 _aPearson
_bChennai
_c2011
300 _axviii,646p;
_bill :
_c12 cm.
504 _aIncludes index
650 _aMechanics
_9819
942 _2ddc
_cSLOAN